| 000 | 00534nam a2200109Ia 4500 | ||
|---|---|---|---|
| 008 | 171212s9999 xx 000 0 und d | ||
| 100 | _aGroves, David G.;Fischbach, Jordan R.;Kalra, Nidhi;Molina-Perez, Edmundo;Yates, David | ||
| 245 |
_cGroves, David G.;Fischbach, Jordan R.;Kalra, Nidhi;Molina-Perez, Edmundo;Yates, David _aDeveloping Robust Strategies for Climate Change and Other Risks _bA Water Utility Framework |
||
| 260 |
_bRAND Corporation _c2014 |
||
| 650 | _aPhysics | ||
| 856 | _uhttp://www.jstor.org/stable/10.7249/j.ctt14bs4mg | ||
| 999 |
_c351948 _d351948 |
||